| 000 | 02434cam a2200517 i 4500 | ||
|---|---|---|---|
| 001 | on1333700882 | ||
| 003 | OCoLC | ||
| 005 | 20251118060940.0 | ||
| 008 | 220629s2020 nyua a 000 1 eng d | ||
| 020 | _a9780593222805 | ||
| 020 | _a0593222806 | ||
| 040 |
_aTDS _beng _erda _cTDS _dOCLCF _dWVU _dYOL _dUtOrBLW |
||
| 041 | _aeng | ||
| 092 | _aPICTURE BOOK THINGS THAT GO PIP | ||
| 100 | 1 |
_aPiper, Watty, _eauthor. |
|
| 245 | 1 | 4 |
_aThe little engine that could / _cby Watty Piper ; reimaged by Dan Santat. |
| 250 | _a90th anniversary edition. | ||
| 260 |
_aNew York : _bGrosset & Dunlap, _cc2020. |
||
| 264 | 1 |
_aNew York : _bGrosset & Dunlap, _c2020. |
|
| 264 | 4 | _cc2020. | |
| 300 |
_a48 pages : _bcolor illustrations ; _c21 cm. |
||
| 336 |
_atext _btxt _2rdacontent. |
||
| 336 |
_astill image _bsti _2rdacontent. |
||
| 337 |
_aunmediated _bn _2rdamedia. |
||
| 338 |
_avolume _bnc _2rdacarrier. |
||
| 340 | _2rdaill. | ||
| 500 | _aDolly Parton's Imagination Library. | ||
| 520 | _aThe kindness and determination of the Little Blue Engine have inspired millions of children around the world since the story was first published in 1930. Cherished by readers for ninety years, The Little Engine That Could is a classic tale of a little engine that, despite her size, triumphantly pulls a train full of wonderful things to the children waiting on the other side of a mountain. | ||
| 520 | _aThis anniversary edition features the original text, all-new reimagined artwork and an introduction from Caldecott Medal-winner Dan Santat, and a special letter from Dolly Parton, award-winning singer-songwriter and founder of Dolly Parton's Imagination Library. | ||
| 521 | 8 |
_a540L _bLexile. |
|
| 521 | 8 |
_a520L _bLexile. |
|
| 521 | 3 |
_aDecoding demand: 75 (high) _aSemantic demand: 74 (high) _aSyntactic demand: 97 (very high) _aStructure demand: 78 (high) _bLexile. |
|
| 526 | 0 |
_aAccelerated Reader AR _bLG _c3.5 _d0.5 _z5477. |
|
| 650 | 0 |
_aCooperativeness _vJuvenile fiction. |
|
| 650 | 0 |
_aSelf-confidence _vJuvenile fiction. |
|
| 650 | 0 |
_aRailroad trains _vJuvenile fiction. |
|
| 650 | 0 |
_aFriendship _vJuvenile fiction. |
|
| 650 | 1 |
_aCooperativeness _vFiction. |
|
| 650 | 1 |
_aSelf-confidence _vFiction. |
|
| 650 | 1 |
_aRailroad trains _vFiction. |
|
| 650 | 1 |
_aFriendship _vFiction. |
|
| 655 | 7 |
_aPicture books. _2lcgft. |
|
| 700 | 1 |
_aSantat, Dan, _eillustrator. |
|
| 700 | 1 |
_aParton, Dolly, _eauthor of introduction. |
|
| 942 | _cBK | ||
| 999 |
_c31175 _d31173 |
||